Eastern Utah Libraries Catalog: Duchesne, Heber, Roosevelt, & Vernal

Fancy Nancy : tea for two / (Record no. 252142)

MARC details
000 -LEADER
fixed length control field 02633cam a2200601 a 4500
001 - CONTROL NUMBER
control field 2511332
005 - DATE AND TIME OF LATEST TRANSACTION
control field 20210526194837.0
008 - FIXED-LENGTH DATA ELEMENTS--GENERAL INFORMATION
fixed length control field 110324s2012 nyua b 000 1 eng
010 ## - LIBRARY OF CONGRESS CONTROL NUMBER
LC control number 2011926075
020 ## - INTERNATIONAL STANDARD BOOK NUMBER
International Standard Book Number 9780061235979
Qualifying information (pbk. bdg.) :
Terms of availability $3.99
020 ## - INTERNATIONAL STANDARD BOOK NUMBER
International Standard Book Number 0061235970
Qualifying information (pbk. bdg.)
020 ## - INTERNATIONAL STANDARD BOOK NUMBER
International Standard Book Number 9780606235778
Qualifying information (Turtleback)
020 ## - INTERNATIONAL STANDARD BOOK NUMBER
International Standard Book Number 0606235779
Qualifying information (Turtleback)
035 ## - SYSTEM CONTROL NUMBER
System control number (OCoLC)ocn730414222
035 ## - SYSTEM CONTROL NUMBER
System control number (OCoLC)730414222
Canceled/invalid control number (OCoLC)768170581
-- (OCoLC)783220696
-- (OCoLC)786303166
-- (OCoLC)966572908
-- (OCoLC)967810593
040 ## - CATALOGING SOURCE
Original cataloging agency DLC
Language of cataloging eng
Transcribing agency DLC
Modifying agency BTCTA
-- SINLB
-- BDX
-- B@L
-- IP8
-- JAO
-- IHI
-- OCLCO
-- OCLCA
-- OCLCF
-- IJ5
-- JAI
-- KB8
-- OCLCO
-- YDXCP
-- OCLCQ
-- OCLCO
-- MWL
-- NTASP
Description conventions rda
042 ## - AUTHENTICATION CODE
Authentication code pcc
050 00 - LIBRARY OF CONGRESS CALL NUMBER
Classification number PZ7.O222
Item number Te 2012
082 00 - DEWEY DECIMAL CLASSIFICATION NUMBER
Classification number [E]
Edition number 23
092 ## - LOCALLY ASSIGNED DEWEY CALL NUMBER (OCLC)
Classification number E
999 ## - SYSTEM CONTROL NUMBERS (KOHA)
Koha Dewey Subclass [OBSOLETE] E
100 1# - MAIN ENTRY--PERSONAL NAME
Personal name O'Connor, Jane.
9 (RLIN) 9094
Relator term author
245 10 - TITLE STATEMENT
Title Fancy Nancy : tea for two /
Statement of responsibility, etc written by Jane O'Connor ; cover illustration by Robin Preiss Glasser ; interior illustrations by Carolyn Bracken.
246 30 - VARYING FORM OF TITLE
Title proper/short title Fancy Nancy tea for two
250 ## - EDITION STATEMENT
Edition statement 1st ed.
260 ## - PUBLICATION, DISTRIBUTION, ETC. (IMPRINT)
Place of publication, distribution, etc New York :
Name of publisher, distributor, etc HarperFestival,
Date of publication, distribution, etc 2012.
264 #1 - Production, Publication, Distribution, Manufacture, and Copyright Notice.
Place of production, publication, distribution, manufacture New York :
Name of producer, publisher, distributor, manufacturer HarperFestival,
Date of production, publication, distribution, manufacture, or copyr 2012.
300 ## - PHYSICAL DESCRIPTION
Extent 1 volume (unpaged) :
Other physical details illustrations ;
Dimensions 21 cm.
336 ## - Content Type
Content type term text
336 ## - Content Type
Content type term still image
337 ## - Media type
Media type term unmediated
338 ## - Carrier type
Carrier type term volume
490 1# - SERIES STATEMENT
Series statement Fancy Nancy
500 ## - GENERAL NOTE
General note "Based on the creation of Jane O'Connor and Robin Preiss Glasser"--Cover.
505 0# - FORMATTED CONTENTS NOTE
Formatted contents note "Based on the creation of Jane O'Connor and Robin Preiss Glasser" -- Cover. -When Nancy joins her friend Bree for a tea party and her friend's teapot is broken, Nancy worries that their friendship may be ruined.
520 ## - SUMMARY, ETC.
Summary, etc When Nancy joins her friend Bree for a tea party and her friend's teapot is broken, Nancy worries that their friendship may be ruined.
650 #0 - SUBJECT ADDED ENTRY--TOPICAL TERM
Topical term or geographic name as entry element Tea
Form subdivision Juvenile fiction.
9 (RLIN) 5692183
650 #0 - SUBJECT ADDED ENTRY--TOPICAL TERM
Topical term or geographic name as entry element Parties
Form subdivision Juvenile fiction.
9 (RLIN) 5684673
650 #0 - SUBJECT ADDED ENTRY--TOPICAL TERM
Topical term or geographic name as entry element Vocabulary
Form subdivision Juvenile fiction.
9 (RLIN) 5688049
650 #1 - SUBJECT ADDED ENTRY--TOPICAL TERM
Topical term or geographic name as entry element Afternoon teas
Form subdivision Fiction.
9 (RLIN) 5699313
650 #1 - SUBJECT ADDED ENTRY--TOPICAL TERM
Topical term or geographic name as entry element Parties
Form subdivision Fiction.
9 (RLIN) 5674139
650 #1 - SUBJECT ADDED ENTRY--TOPICAL TERM
Topical term or geographic name as entry element Friendship
Form subdivision Fiction.
9 (RLIN) 5673769
650 #7 - SUBJECT ADDED ENTRY--TOPICAL TERM
Topical term or geographic name as entry element Parties.
Source of heading or term fast
9 (RLIN) 99246
650 #7 - SUBJECT ADDED ENTRY--TOPICAL TERM
Topical term or geographic name as entry element Tea.
Source of heading or term fast
9 (RLIN) 5811541
650 #7 - SUBJECT ADDED ENTRY--TOPICAL TERM
Topical term or geographic name as entry element Vocabulary.
Source of heading or term fast
9 (RLIN) 93604
650 #7 - SUBJECT ADDED ENTRY--TOPICAL TERM
Topical term or geographic name as entry element Afternoon teas
Form subdivision Fiction.
Source of heading or term gsafd
9 (RLIN) 5699313
655 #7 - INDEX TERM--GENRE/FORM
Genre/form data or focus term Fiction.
Source of term fast
9 (RLIN) 5673940
655 #7 - INDEX TERM--GENRE/FORM
Genre/form data or focus term Juvenile works.
Source of term fast
9 (RLIN) 5673941
700 1# - ADDED ENTRY--PERSONAL NAME
Personal name Bracken, Carolyn,
Relator term illustrator.
9 (RLIN) 11184
800 1# - SERIES ADDED ENTRY--PERSONAL NAME
Personal name O'Connor, Jane.
Title of a work Fancy Nancy.
9 (RLIN) 5705963
942 ## - ADDED ENTRY ELEMENTS (KOHA)
Source of classification or shelving scheme Dewey Decimal Classification
Koha item type BOOK
Holdings
Withdrawn status Lost status Source of classification or shelving scheme Damaged status Not for loan Collection code Home library Current library Shelving location Date acquired Source of acquisition Cost, normal purchase price Total Checkouts Total Renewals Full call number Barcode Checked out Date last seen Date checked out Cost, replacement price Price effective from Koha item type
    Dewey Decimal Classification     Children Picture Books Wasatch County Library Wasatch County Library Main Floor Childrens Area 07/30/2012 Penworthy 13.96 145 29 E O'Co 34301001111733 04/30/2026 03/04/2026 03/04/2026 13.96 03/20/2020 BOOK
This project was made possible through a grant from the Institute of Museum and Library Service administered by the Utah State Library Division.

Wasatch County Library

  • 465 East 1200 South, Heber City, Utah 84032
  • Phone 435-654-1511 | Fax 435-654-6456

Hours

  • Monday - Friday 9:30 AM - 8:00 PM
  • Saturday 9:30 AM - 1:30 PM
  • Closed Sundays and Holidays